| 000 | 00660nam a2200205Ia 4500 | ||
|---|---|---|---|
| 005 | 20240530110945.0 | ||
| 008 | 140319s1991 xx 000 0 ara d | ||
| 040 |
_aGCL / _cGCL |
||
| 082 | 0 | 4 |
_a922.1 / _bم ح |
| 100 | 1 | _aمحمود شلبى | |
| 245 | 1 | 0 |
_aحياة جغفر بن ابى طالب ذى الجناحين الطيار / _cمحمود شلبى |
| 260 |
_aبيروت : _bدار الجيل، _c1991 |
||
| 300 |
_a168 ص ؛ _c24 سم |
||
| 650 | 0 | 4 | _aالاسلام |
| 650 | 0 | 4 | _aالصحابة |
| 650 | 0 | 4 | _aالتراجم |
| 650 | 0 | 4 | _aجغفر بن ابى طالب |
| 942 |
_2ddc _cBK |
||
| 999 |
_c66886 _d66886 |
||